Hmotná zainteresovanosť, stimulácia a motivácia vo VaZN Zborník prednášok

Enregistré dans:
Détails bibliographiques
Format: Livre
Langue:slovaque
Publié: Žilina Dom techn. ČSTVS 1988
Édition:1. vyd.
Tags: Ajouter un tag
Pas de tags, Soyez le premier à ajouter un tag!

MARC

LEADER 00000nam a2200000 4500
001 c030523
005 20221219091622.3
041 0 |a slo 
044 |a SK 
245 1 0 |a Hmotná zainteresovanosť, stimulácia a motivácia vo VaZN  |b Zborník prednášok 
250 |a 1. vyd. 
264 1 |a Žilina  |b Dom techn. ČSTVS  |c 1988 
300 |a 137 s.